000 00774nam a2200229Ii 4500
003 JO-AjNU
008 230605s9999||||xx |||||||||||||| ||und||
017 _a2006/9/2544
040 _aJO-AjNU
_bara
_erda
_cJO-AjNU
041 _aara
050 1 4 _aBJ1292.S536.2006
100 3 _aشحرور، مراد محمد,
_eauthor
_936345
245 0 0 _aقطف الثمر في بيان أحكام وآداب السفر
250 _aط1
264 3 1 _aعمان: المؤلف ، 2006
300 _a141ص
336 _atext
_btxt
_2rdacontent
337 _aunmediated
_bn
_2rdamedia
338 _avolume
_bnc
_2rdacarrier
490 0 _aمسائل مهمة في فقه الأئمة احكام واداب السفر 15
650 4 _aالاداب الإسلامية- السفر
_936346
999 _aA15092
_c18660
_d18660